=LDR 00000nam 2200000 4500 =001 000306 =005 20250710020959 =035 ##$$a 0010-0725000158 =007 ta =008 250710################a##########0#ind## =020 ##$$a 978-623-118-895-3 =082 ##$$a 398.209 598 =084 ##$$a 398.209 598 NOO h =100 #$$a Noorsari, Oky Endah =245 1#$$a Hari Seru Gebi /$c Oky E. Noorsari =250 ##$$a cetakan pertama =260 ##$$a Jakarta Timur :$b Kementrian pendidikan, kebudayaan, riset, dan teknologi,$c 2022 =300 ##$$a 36 hlm. : $b ilus. ; $c 29,7 cm$e 398.209 598 =650 #4$$a Cerita Anak-Indonesia =650 #4$$a Cerita Bergambar =856 ##$$a TBM As Suhada =990 ##$$a TBM202400010